000 00376nam a2200133Ia 4500
008 220217s9999||||xx |||||||||||||| ||und||
020 _a81-224-1303-X
082 _a621.381 7 SIN
100 _aSingh, B.P
_91187
245 0 _aMicroelectronic devices and circuits
260 _aNew age international
_bBangalore
_c2001
300 _b195
650 _aMICROWAVE ENGINEERING
999 _c167697
_d167697